| 000 | 00767nac a22002171u 4500 | ||
|---|---|---|---|
| 010 | _a 84021218 | ||
| 020 | _a0816010498 : | ||
| 082 | 0 | 0 |
_a291.130321 _bMER |
| 090 |
_c8518 _d8518 |
||
| 100 | _aMercatante, Anthony S. | ||
| 245 | 1 | 4 |
_aThe Facts on File encyclopedia of world mythology and legend / _cAnthony S. Mercatante. |
| 260 |
_aNew York : _bFacts on File,1988. _cc1988. |
||
| 300 |
_axviii, 807 p. : _bill. ; _c29 cm. |
||
| 500 | _aDistributer: Al-Ahram | ||
| 504 | _aIncludes bibliographical references and index. | ||
| 511 | _aCatalogued by: Sara | ||
| 650 | 0 |
_aMythology _xDictionaries. |
|
| 650 | 0 |
_aFolklore _xDictionaries. |
|
| 740 | 0 | _aEncyclopedia of world mythology and legend. | |
| 942 |
_cNB _k291.130321MER |
||
| 999 |
_c8518 _d8518 |
||